Let's hold better annual meetings of federal credit unions. (Record no. 90923)

MARC details
000 -LEADER
fixed length control field 00701cam a22002291 4500
001 - CONTROL NUMBER
control field ss 50000007
003 - CONTROL NUMBER IDENTIFIER
control field DLC
005 - DATE AND TIME OF LATEST TRANSACTION
control field 20260227112751.0
008 - FIXED-LENGTH DATA ELEMENTS--GENERAL INFORMATION
fixed length control field 800904s1949 dcua f000 0 eng c
010 ## - LIBRARY OF CONGRESS CONTROL NUMBER
LC control number ss 50000007
035 ## - SYSTEM CONTROL NUMBER
System control number (OCoLC)6682851
040 ## - CATALOGING SOURCE
Original cataloging agency U.S. Social Security Administration Library
Transcribing agency NNU
Modifying agency DLC
042 ## - AUTHENTICATION CODE
Authentication code premarc
050 00 - LIBRARY OF CONGRESS CALL NUMBER
Classification number HG2037
Item number .A48 1949
082 ## - DEWEY DECIMAL CLASSIFICATION NUMBER
Classification number 334.2
110 1# - MAIN ENTRY--CORPORATE NAME
Corporate name or jurisdiction name as entry element United States.
Subordinate unit Bureau of Federal Credit Unions.
245 10 - TITLE STATEMENT
Title Let's hold better annual meetings of federal credit unions.
260 ## - PUBLICATION, DISTRIBUTION, ETC.
Place of publication, distribution, etc. [Washington,
Name of publisher, distributor, etc. U.S. Govt. Print. Off.,
Date of publication, distribution, etc. 1949]
300 ## - PHYSICAL DESCRIPTION
Extent 22 p.
Other physical details illus.
Dimensions 24 cm.
500 ## - GENERAL NOTE
General note FCU 547.
650 #0 - SUBJECT ADDED ENTRY--TOPICAL TERM
Topical term or geographic name entry element Banks and banking, Cooperative.

No items available.

Powered by Koha